HIGHER DEGREES OF DISTRIBUTIVITY IN COMPLETE GENERALIZED MV-ALGEBRAS

Bibliographic Details
Main Author: Jakubík, Ján, 1923-2015 (Author)
Format: Article
Language:English

MARC

LEADER 00000nab a2200000uu 4500
001 vtls011450029
003 SK-MaSNL
005 20260303151410.0
008 230222|2011 xo |||||||||||||||||eng|
015 |a SNBRB 
035 |a (urnnbn)urn:nbn:sk:snk:ar-006f4c 
035 |a (uuid)42f2056d-2d51-4421-9b6f-cb2d89a92e60 
035 |a urn:nbn:sk:snk-abcmb8 
040 |a SNKBUCL  |b slo  |c SNKBUCL  |e AACR2 
041 0 |a eng 
044 |a xo  |c SK 
100 1 |a Jakubík, Ján,  |d 1923-2015  |4 aut  |9 38413 
245 1 0 |a HIGHER DEGREES OF DISTRIBUTIVITY IN COMPLETE GENERALIZED MV-ALGEBRAS  |c Ján Jakubík 
773 0 |t Mathematica Slovaca  |g Roč. 61, č. 3 (2011), s. [341]-354 
958 |a OND 
958 |a EUIPO 
958 |a article16 
999 |c 2017538  |d 2019468